Iglófüred

Zobrazenie: Pohľad na budovy kúpeľov, ktoré sú vľavo. V pravom dolnom rohu časť koruny stromu, v diaľke zalesnené kopce

Bibliographic Details
Format: Postcard
Language:Hungarian
PhysicalDescription:1 pohľadnica kolorovaná 9 x 14 cm
Published: [Maďarsko?] [vydavateľ neznámy] [1909?]
Subjects:

MARC

LEADER 00000nkm a2200000 a 4500
001 vtls011770521
003 SK-MaSNL
005 20260512122300.0
007 kp ho
008 230706q1909 hu g kuhun
015 |a SNBG1909 
035 |a urn:nbn:sk:snk-km00dopn 
035 |a urn:nbn:sk:snk-km3lykw 
035 |a 21C846D6-30FC-4AC9-8947-3D5F022BE3C9 
040 |a SNK  |b slo  |c SNK  |e AACR2 
041 0 |a hun 
043 |a e-xo--- 
044 |a hu  |c HU 
072 7 |a 913  |x Regionálna geografia  |2 konspekt 
072 7 |a 71  |x Územné plánovanie. Urbanizmus. Pamiatková starostlivosť  |2 konspekt 
080 |a 913(437.6)  |2 2011 
080 |a 711.455:615.838  |2 2011 
080 |a 94(084.121)  |2 2011 
245 0 0 |a Iglófüred  |h grafika 
260 |a [Maďarsko?]  |b [vydavateľ neznámy]  |c [1909?] 
300 |a 1 pohľadnica  |b kolorovaná  |c 9 x 14 cm 
500 |a Názvové údaje prevzaté z obrazovej časti pohľadnice 
520 8 |a Zobrazenie: Pohľad na budovy kúpeľov, ktoré sú vľavo. V pravom dolnom rohu časť koruny stromu, v diaľke zalesnené kopce 
650 0 7 |a kúpele  |2 SNKPH  |9 1139 
651 7 |a Spišská Nová Ves (Slovensko)  |2 SNKPHgeo  |9 28800 
655 7 |a miestne pohľadnice  |2 SNKPH  |9 70510 
655 7 |a historické pohľadnice  |2 SNKPH  |9 159703 
852 |a Slovenská národná knižnica 
958 |a GBN 
958 |a ONDV 
958 |a GC 
999 |c 598596  |d 600526 
952 |a SNK  |b SNK  |y PREZ  |7 0  |p 17A1243702  |o snkSP 125652  |z Pohľadnica prešla poštou.  |0 0  |1 0  |4 0  |d 2018-08-03  |f 1  |l 0  |r 2026-02-23 15:46:43  |w 2026-02-23